00831 2200301 4500001002100000005001500021035002000036007000300056008004100059100001700100245005100117250001100168300003800179020002200217082000800239084001400247090001800261260003400279650001500313990002700328990002700355990002700382990002200409990002200431990002700453990002200480990002700502INLIS00000000000349420260530124923 a0010-0621000026ta260530 0 0 aWahyu Wibowo1 aKonsep Tindak Tutur Komunikasi /cWahyu Wibowo acet. 2 axxii, 122 hlm. :billus. ;c21 cm a978-602-217-557-5 a302 a302 WAH k a302 WAH k 7-3 aJakarta :bBumi Aksara,c2016 4aKomunikasi a22.291/KAPD/PDG/2016/B a22.288/KAPD/PDG/2016/B a22.289/KAPD/PDG/2016/B a25.359/B/DPK/2017 a25.360/B/DPK/2017 a22.291/KAPD/PDG/2016/B a23.361/B/DPK/2017 a22.290/KAPD/PDG/2016/B